A world without heroes / (Record no. 74386)
[ view plain ]
| 000 -LEADER | |
|---|---|
| fixed length control field | 01480nam a22004338a 4500 |
| 001 - CONTROL NUMBER | |
| control field | 16295632 |
| 005 - DATE AND TIME OF LATEST TRANSACTION | |
| control field | 20241220130213.0 |
| 008 - FIXED-LENGTH DATA ELEMENTS--GENERAL INFORMATION | |
| fixed length control field | 100621s2011 nyu c 000 1 eng |
| 010 ## - LIBRARY OF CONGRESS CONTROL NUMBER | |
| LC control number | 2010023437 |
| 020 ## - INTERNATIONAL STANDARD BOOK NUMBER | |
| International Standard Book Number | 9781416997924 (hardcover) |
| 020 ## - INTERNATIONAL STANDARD BOOK NUMBER | |
| International Standard Book Number | 141699792X (hardcover) |
| 040 ## - CATALOGING SOURCE | |
| Original cataloging agency | DLC |
| Transcribing agency | DLC |
| Description conventions | rda |
| 042 ## - AUTHENTICATION CODE | |
| Authentication code | lcac |
| 050 00 - LIBRARY OF CONGRESS CALL NUMBER | |
| Classification number | PZ7.M9112 |
| Item number | Wor 2011 |
| 082 00 - DEWEY DECIMAL CLASSIFICATION NUMBER | |
| Classification number | [Fic] |
| Edition number | 22 |
| 092 ## - LOCALLY ASSIGNED DEWEY CALL NUMBER (OCLC) | |
| Classification number | MULL |
| 100 1# - MAIN ENTRY--PERSONAL NAME | |
| Personal name | Mull, Brandon, |
| Dates associated with a name | 1974- |
| 9 (RLIN) | 55191 |
| 245 12 - TITLE STATEMENT | |
| Title | A world without heroes / |
| Statement of responsibility, etc | Brandon Mull. |
| 246 ## - VARYING FORM OF TITLE | |
| Remainder of title | Beyonders |
| 246 ## - VARYING FORM OF TITLE | |
| Remainder of title | Beyonders Book One |
| 246 ## - VARYING FORM OF TITLE | |
| Remainder of title | Beyonders Book 1 |
| 250 ## - EDITION STATEMENT | |
| Edition statement | 1st Aladdin hardcover ed. |
| 260 ## - PUBLICATION, DISTRIBUTION, ETC. (IMPRINT) | |
| Place of publication, distribution, etc | New York : |
| Name of publisher, distributor, etc | Aladdin, |
| Date of publication, distribution, etc | 2011. |
| 263 ## - PROJECTED PUBLICATION DATE | |
| Projected publication date | 1103 |
| 264 #1 - Production, Publication, Distribution, Manufacture, and Copyright Notice. | |
| Place of production, publication, distribution, manufacture | New York : |
| Name of producer, publisher, distributor, manufacturer | Aladdin, |
| Date of production, publication, distribution, manufacture, or copyr | 2011. |
| 300 ## - PHYSICAL DESCRIPTION | |
| Extent | p. cm. |
| 336 ## - Content Type | |
| Content type term | text |
| 337 ## - Media type | |
| Media type term | unmediated |
| 338 ## - Carrier type | |
| Carrier type term | volume |
| 440 ## - SERIES STATEMENT/ADDED ENTRY--TITLE | |
| Title | Beyonders : |
| Volume number/sequential designation | Book 1. |
| 9 (RLIN) | 6366446 |
| 520 ## - SUMMARY, ETC. | |
| Summary, etc | Fourteen-year-old Jason Walker is transported to a strange world called Lyrian, where he joins Rachel, who was also drawn there from our world, and a few rebels, to piece together the Word that can destroy the malicious wizard emperor, Surroth. |
| 650 #1 - SUBJECT ADDED ENTRY--TOPICAL TERM | |
| Topical term or geographic name as entry element | Space and time |
| Form subdivision | Fiction. |
| 9 (RLIN) | 5688093 |
| 650 #1 - SUBJECT ADDED ENTRY--TOPICAL TERM | |
| Topical term or geographic name as entry element | Revolutions |
| Form subdivision | Fiction. |
| 9 (RLIN) | 5680114 |
| 650 #1 - SUBJECT ADDED ENTRY--TOPICAL TERM | |
| Topical term or geographic name as entry element | Wizards |
| Form subdivision | Fiction. |
| 9 (RLIN) | 5673726 |
| 650 #1 - SUBJECT ADDED ENTRY--TOPICAL TERM | |
| Topical term or geographic name as entry element | Magic |
| Form subdivision | Fiction. |
| 9 (RLIN) | 5673694 |
| 650 #1 - SUBJECT ADDED ENTRY--TOPICAL TERM | |
| Topical term or geographic name as entry element | Heroes |
| Form subdivision | Fiction. |
| 9 (RLIN) | 5674995 |
| 650 #1 - SUBJECT ADDED ENTRY--TOPICAL TERM | |
| Topical term or geographic name as entry element | Fantasy. |
| 9 (RLIN) | 6217092 |
| 942 ## - ADDED ENTRY ELEMENTS (KOHA) | |
| Koha item type | BOOK |
| Source of classification or shelving scheme | Dewey Decimal Classification |
| Withdrawn status | Lost status | Source of classification or shelving scheme | Damaged status | Not for loan | Collection code | Home library | Current library | Shelving location | Date acquired | Source of acquisition | Serial Enumeration / chronology | Total Checkouts | Total Renewals | Full call number | Barcode | Date last seen | Date checked out | Cost, replacement price | Price effective from | Koha item type |
|---|---|---|---|---|---|---|---|---|---|---|---|---|---|---|---|---|---|---|---|---|
| Dewey Decimal Classification | Junior Fiction | Wasatch County Library | Wasatch County Library | Main Floor Junior Area | 09/12/2023 | Donation | #1 Beyonders | 21 | 20 | J Mull | 34301002038679 | 03/09/2026 | 02/02/2026 | 19.99 | 09/12/2023 | BOOK |
